000 00337nam a22001457a 4500
020 _a978-93-84761-54-7
041 _aENG
100 _aKarna.B
245 _aGeneral Knowledge
260 _aAshochak
_blucent Pub
_c2018
300 _a410
650 _aBaniking
700 _aKumar.S , Mukul .M, Suman.R.P
856 _uCompetitive Exam
999 _c234
_d234